00878nam a22002177a 4500999001300000003000900013008004100022040007100063082001800134100002500152245004400177260004300221300002800264505017700292650001700469650001900486650001900505942001600524945002200540952009800562  c586d586AR-CdUCM190225b           ||||| |||| 00| 0 spa d  aMUNICIPALIDAD PROVINCIAL DEL CUSCOcBIBLIOTECA MUNICIPAL DEL CUSCO  a868.6 /bEN66  aEntralgo, Pedro Lain  aEl hombre y la cultura en el siglo XX /  aEspaña :bEdic. Guadarrama SL,c1957  a380 paginas ;c18.5 cm.  aEl hombre en el siglo XX --Conocimiento del hombre negro --El problema de la personalidad humana --El hombre y la adversidad --El conocimiento del hombre en el siglo XX ...  aCultura9126  aHistoria 9246  aCronologia963  2ddccLIBROS  arjalld2019-02_25  002ddc4070aSHbSHcCARTd2019-02-25g30.00o868.6 / EN66pSH0000000534r2019-02-25yLIBROS